| 000 | 00901pam a2200265 a 4500 | ||
|---|---|---|---|
| 001 | 1672656 | ||
| 005 | 20170105102857.0 | ||
| 008 | 981026s1999 njua b 001 0 eng | ||
| 010 | _a 98045924 | ||
| 020 | _a0138960283 | ||
| 040 |
_aDLC _cDLC _dDLC |
||
| 043 | _an-us--- | ||
| 050 | 0 | 0 |
_aLB1050.5 _b.M373 1999 |
| 082 | 0 | 0 |
_a428.4/2 _221 |
| 100 | 1 | _aMcCormick, Sandra. | |
| 245 | 1 | 0 |
_aInstructing students who have literacy problems / _cSandra McCormick. |
| 250 | _a3rd ed. | ||
| 260 |
_aUpper Saddle River, N.J. : _bMerrill, _cc1999. |
||
| 300 |
_axv, 601 p. : _bill. ; _c25 cm. |
||
| 504 | _aIncludes bibliographical references (p. 561-582) and index. | ||
| 650 | 0 |
_aReading _xRemedial teaching _zUnited States. |
|
| 906 |
_a7 _bcbc _corignew _d1 _eocip _f19 _gy-gencatlg |
||
| 942 |
_2ddc _cBK |
||
| 999 |
_c14555 _d14555 |
||